| 000 | 01869nam0a2200373 4500 | ||
|---|---|---|---|
| 001 | RU\NLR\bibl\101266 | ||
| 005 | 20260405095900.0 | ||
| 010 |
_a5-8173-0065-6 _9350 |
||
| 021 |
_aRU _b2000-11488 _9568 |
||
| 035 | _a(NLR Aleph) 000099031 | ||
| 090 |
_a558512 _c558512 |
||
| 100 | _a20000801d1999 |||y0rusy50 ca | ||
| 101 | 0 |
_arus _aeng |
|
| 102 | _aRU | ||
| 105 | _ay ||||||||| | ||
| 200 | 1 |
_aForestry _eПервый уровень _eУчеб. пособие для студентов лесохоз. спец. всех форм обучения _fЛ.Н. Павлова, Л,Я. Вавилова _gМ-во образования Рос. Федерации, Сиб. гос. технол. ун-т |
|
| 205 | _a2-е изд., испр. и доп. | ||
| 210 |
_aКрасноярск _cСибГТУ _d1999 |
||
| 215 |
_a76 с. _d21 |
||
| 225 | 1 | _aАнглийский язык для студентов СибГТУ | |
| 606 | 0 |
_aЛесное хозяйство _jРуководства, пособия и т.п. _9993890 _3RU\NLR\auth\6658014 |
|
| 606 | 0 |
_aЛесное хозяйство _jУчебные издания для высших учебных заведений _9993890 _3RU\NLR\auth\6658014 |
|
| 606 | 0 |
_aАнглийский язык _jУчебные издания для высших учебных заведений _9972309 _3RU\NLR\auth\6646032 |
|
| 686 | _aП3я73 | ||
| 686 | _aШ143.21-93рус328.5 | ||
| 700 | 1 |
_4070 _8rus _7ca _aПавлова _bЛ. Н. _cканд. пед. наук _gЛюдмила Николаевна _3RU\NLR\auth\7736204 _919195 |
|
| 701 | 1 |
_aВавилова _bЛ. Я. _gЛариса Ясоновна _4070 |
|
| 801 | 0 |
_aRU _bNLR _c20000801 _gPSBO |
|
| 801 | 1 |
_aRU _bNLR _c20000801 |
|
| 830 | _aАвт. по кн. | ||
| 852 |
_aNLR _j2000-6/388 |
||
| 942 | _cBOOK | ||
| 980 | _aNB | ||